| 000 | 00285nam a22001337a 4500 | ||
|---|---|---|---|
| 003 | nust | ||
| 005 | 20170224113203.0 | ||
| 008 | |||
| 020 | _a9788131724811 | ||
| 040 | _c0 | ||
| 082 | _a338.9 | ||
| 100 | _aWeil, David N. | ||
| 245 |
_aEconomic Growth _cWeil, David N. |
||
| 250 | _a2nd | ||
| 260 |
_aSouth Asia _bDorling Kindersley _c2013 |
||
| 300 | _a565p | ||
| 942 |
_cBK _2ddc |
||
| 999 |
_c2479 _d2479 |
||